Strategie urychlení a přestavba socialistických ekonomik
Gespeichert in:
| 1. Verfasser: | |
|---|---|
| Körperschaft: | |
| Format: | Buch |
| Sprache: | Tschechisch |
| Veröffentlicht: |
Praha
Státní nakladatelství technické literatury
1989
|
| Ausgabe: | 1. vyd. |
| Tags: |
Keine Tags, Fügen Sie das erste Tag hinzu!
|
MARC
| LEADER | 00000nam a2200000 4500 | ||
|---|---|---|---|
| 001 | c034190 | ||
| 005 | 20221215120759.6 | ||
| 041 | 0 | |a cze | |
| 044 | |a CZ | ||
| 245 | 1 | 0 | |a Strategie urychlení a přestavba socialistických ekonomik |c Luděk Urban |
| 250 | |a 1. vyd. | ||
| 264 | 1 | |a Praha |b Státní nakladatelství technické literatury |c 1989 | |
| 300 | |a 84 s. | ||
| 100 | 1 | |a Urban, Luděk | |
| 710 | 2 | |a Vysoká škola ekonomická v Praze. Národohospodářská fakulta | |